Being and time (Record no. 43745)
[ view plain ]
| 000 -LEADER | |
|---|---|
| fixed length control field | 00520nam a2200217Ia 4500 |
| 003 - CONTROL NUMBER IDENTIFIER | |
| control field | 0100 |
| 008 - FIXED-LENGTH DATA ELEMENTS--GENERAL INFORMATION | |
| fixed length control field | 130303s9999 xx 000 0 und d |
| 040 ## - CATALOGING SOURCE | |
| Transcribing agency | ARRUPELIB |
| 050 ## - LIBRARY OF CONGRESS CALL NUMBER | |
| Classification number | B3279.H48S43 1962 |
| 300 ## - PHYSICAL DESCRIPTION | |
| Other physical details | 21cm. |
| 100 ## - MAIN ENTRY--PERSONAL NAME | |
| Personal name | Heidegger, Martin |
| 245 ## - TITLE STATEMENT | |
| Title | Being and time |
| 260 ## - PUBLICATION, DISTRIBUTION, ETC. (IMPRINT) | |
| Place of publication, distribution, etc | New York |
| 260 ## - PUBLICATION, DISTRIBUTION, ETC. (IMPRINT) | |
| Name of publisher, distributor, etc | Harper & Row Publishers |
| 260 ## - PUBLICATION, DISTRIBUTION, ETC. (IMPRINT) | |
| -- | 1962 |
| 300 ## - PHYSICAL DESCRIPTION | |
| Extent | 589p. |
| 650 ## - SUBJECT ADDED ENTRY--TOPICAL TERM | |
| Topical term or geographic name as entry element | PHILOSOPHY |
| 650 ## - SUBJECT ADDED ENTRY--TOPICAL TERM | |
| Topical term following geographic name as entry element | Augustine, St |
| 700 ## - ADDED ENTRY--PERSONAL NAME | |
| Personal name | Macquarrie, John and Robinson, Edward (tr.) |
| 942 00 - ADDED ENTRY ELEMENTS (KOHA) | |
| Koha issues (borrowed), all copies | 39 |
| Withdrawn status | Lost status | Source of classification or shelving scheme | Damaged status | Not for loan | Collection code | Home library | Current library | Shelving location | Date acquired | Total Checkouts | Full call number | Barcode | Date last seen | Date checked out | Copy number | Price effective from | Koha item type | Checked out |
|---|---|---|---|---|---|---|---|---|---|---|---|---|---|---|---|---|---|---|
| Library of Congress Classification | Main Collection | ARRUPE LIBRARY | ARRUPE LIBRARY | Main Collection | 04/03/2013 | 13 | B3279.H48S43 1962 | 46003093219 | 21/04/2026 | 19/01/2026 | 2 | 04/03/2013 | Monograph ( Printed materials) | |||||
| Library of Congress Classification | Main Collection | ARRUPE LIBRARY | ARRUPE LIBRARY | Main Collection | 04/03/2013 | 11 | B3279.H48S43 1962 | 46003012637 | 19/11/2024 | 13/11/2024 | 3 | 04/03/2013 | Monograph ( Printed materials) | |||||
| Library of Congress Classification | Main Collection | ARRUPE LIBRARY | ARRUPE LIBRARY | Main Collection | 04/03/2013 | 4 | B3279.H48S43 1962 | 46003094078 | 11/05/2016 | 18/02/2016 | 4 | 04/03/2013 | Monograph ( Printed materials) | |||||
| Library of Congress Classification | Main Collection | ARRUPE LIBRARY | ARRUPE LIBRARY | Main Collection | 04/03/2013 | 9 | B3279.H48S43 1962 | 46003012633 | 22/11/2024 | 06/09/2024 | 6 | 04/03/2013 | Monograph ( Printed materials) | |||||
| Library of Congress Classification | Main Collection | ARRUPE LIBRARY | ARRUPE LIBRARY | Main Collection | 04/03/2013 | 21 | B3279.H48S43 1962 | 46406707 | 17/12/2024 | 09/10/2024 | 7 | 04/03/2013 | Monograph ( Printed materials) | |||||
| Library of Congress Classification | Main Collection | ARRUPE LIBRARY | ARRUPE LIBRARY | Main Collection | 03/04/2014 | 5 | B3279.H48S43 1962 | 46003012640 | 24/02/2026 | 24/02/2026 | 03/04/2014 | Monograph ( Printed materials) | 10/03/2026 | |||||
| Library of Congress Classification | Main Collection | ARRUPE LIBRARY | ARRUPE LIBRARY | Main Collection | 03/04/2014 | 5 | B3279.H48S43 1962 | 46003088627 | 24/02/2026 | 22/01/2026 | 03/04/2014 | Monograph ( Printed materials) | ||||||
| Library of Congress Classification | Main Collection | ARRUPE LIBRARY | ARRUPE LIBRARY | Main Collection | 10/04/2014 | 10 | B3279.H48S43 2010 | 46500001722 | 12/09/2024 | 23/08/2024 | 10/04/2014 | Monograph ( Printed materials) | ||||||
| Library of Congress Classification | Main Collection | ARRUPE LIBRARY | ARRUPE LIBRARY | Main Collection | 09/10/2020 | 10 | B3279.H48S43 1962 | 46600008385 | 07/05/2025 | 03/05/2023 | 09/10/2020 | Monograph ( Printed materials) |